Rubberwood- Present and potential utilization (Record no. 48070)
[ view plain ]
| 000 -LEADER | |
|---|---|
| fixed length control field | 01003nam a2200133Ia 4500 |
| 100 ## - MAIN ENTRY--AUTHOR NAME | |
| Personal name | Lew W H |
| 245 #0 - TITLE STATEMENT | |
| Title | Rubberwood- Present and potential utilization |
| 260 ## - PUBLICATION, DISTRIBUTION, ETC. (IMPRINT) | |
| Name of publisher | Proceedings of the Rubberwood Utilization Seminar, Kuala Lumpur, Malaysia, 1982; p49-54 |
| Year of publication | 1982 |
| 520 ## - SUMMARY, ETC. | |
| Summary, etc | Rubberwood has traditionally been used as a source of thermal energy and is still regarded as a cheap source of firewood by the rural population. At present Rubberwood is used as a raw material for the pulp and paper industry, as cores for blockboards, and in the manufacture of furniture both for the domestic and overseas markets. A substantial quantity of the logs and sawn timber are exported for furniture making, panelling, parquet flooring, novelty and household items. Rubberwood can also be used for the manufacture of particleboards, fibre boards, glue-laminated products, parquetry and strip-flooring. |
| 650 ## - SUBJECT ADDED ENTRY--TOPICAL TERM | |
| Topical Term | Rubberwood |
| 700 ## - ADDED ENTRY--PERSONAL NAME | |
| Personal name | Sim H C |
| 942 ## - ADDED ENTRY ELEMENTS (KOHA) | |
| Koha item type | Bibliography RLWO |
| Withdrawn status | Lost status | Damaged status | Not for loan | Home library | Current library | Date acquired | Koha item type |
|---|---|---|---|---|---|---|---|
| Bibliography | RRII Library | RRII Library | 31/12/2021 | Bibliography RLWO |